000 01049nam a22003137a 4500
001 1629612
003 OSt
005 20210414094408.0
008 951208s1994 alua 000 0 eng
010 _a 95232424
020 _a0964239701
040 _aDLC
_cDLC
_dDLC
_beng
041 _aeng
043 _an-us-al
050 0 0 _aF326.6
_b.B76 1994
080 _a821.111
_bB-89
082 0 0 _a976.1
_220
100 1 _aBrown, Faye,
_d1934-
245 1 0 _aGranny's teacakes, grab'led 'taters, and a gillion twice-told tales /
_cFaye Brown ; illustrations by Trill[i]e Brown.
_b/ by: Pot Likker Press
260 _aMoundville, AL
_bPot Likker Press
_cc1994.
300 _a233 p.
_bill.
_c18 cm.
650 0 _aCooking, American.
650 0 _aEnglish literature
_9254
651 0 _aAlabama
_xSocial life and customs
_vHumor.
653 _aინგლისური ლიტერატურა
906 _a7
_bcbc
_corignew
_d3
_encip
_f19
_gy-gencatlg
942 _2udc
_cBK
999 _c2170
_d2170